000 00575nam a22002177a 4500
003 UA-OsUOA
001 107948
007 ta
008 20140923b un ||||| |||| 00| 0 ukr d
100 _aВеляник Н.
090 _a908
_bВ28
942 _cSA
040 _aUA-OsUOA
_bukr
_cUA-OsUOA
_dUA-OsUOA
245 _aПеремога, яка відбулася півтисячі років тому/Битва під Оршею
300 _aС.1,12
955 _a0
041 _aukr
080 _a908
773 0 _w107947
650 7 _a908 Краєзнавство
_2UDC
999 _c395171
_d395171